All train stations in Cumbria - Statistics

General Stats
  • This quiz has been taken 38 times
  • The average score is 28 of 48
Answer Stats
Group Answer % Correct
West Coast main line Carlisle
100%
Furness line Barrow-in-Furness
97%
West Coast main line Penrith
97%
Windermere branch line Kendal
90%
Windermere branch line Windermere
90%
Cumbrian Coast line Whitehaven
87%
Cumbrian Coast line Workington
87%
West Coast main line Oxenholme Lake District
74%
Cumbrian Coast line Sellafield
71%
Furness line Ulverston
71%
Cumbrian Coast line Maryport
68%
Cumbrian Coast line Millom
68%
Furness line Arnside
65%
Cumbrian Coast line Aspatria
65%
Furness line Dalton
65%
Cumbrian Coast line Seascale
65%
Windermere branch line Staveley
65%
Settle-Carlisle line Appleby
61%
Furness line Grange-over-Sands
61%
Settle-Carlisle line Kirkby Stephen
61%
Cumbrian Coast line Ravenglass
61%
Cumbrian Coast line St Bees
61%
Tyne Valley line Brampton
58%
Cumbrian Coast line Dalston
55%
Settle-Carlisle line Dent
55%
Cumbrian Coast line Foxfield
55%
Cumbrian Coast line Wigton
55%
Cumbrian Coast line Bootle
52%
Windermere branch line Burneside
52%
Cumbrian Coast line Harrington
52%
Settle-Carlisle line Langwathby
52%
Cumbrian Coast line Drigg
48%
Cumbrian Coast line Green Road
48%
Furness line Cark & Cartmel
45%
Cumbrian Coast line Flimby
45%
Furness line Kents Bank
45%
Cumbrian Coast line Parton
45%
Furness line Roose
45%
Settle-Carlisle line Armathwaite
42%
Cumbrian Coast line Braystones
42%
Cumbrian Coast line Corkickle
42%
Settle-Carlisle line Garsdale
42%
Settle-Carlisle line Lazonby & Kirkoswald
42%
Tyne Valley line Wetheral
42%
Cumbrian Coast line Askam-in-Furness
39%
Cumbrian Coast line Nethertown
39%
Cumbrian Coast line Silecroft
39%
Cumbrian Coast line Kirkby-in-Furness
35%
No matching quizzes found
Score Distribution
Percent of People with Each Score
Percentile by Number Answered
Your Score History
You have not taken this quiz